Statistics for FANBOYS Conjuctions Quiz

Click here to take the quiz!

General Stats

  • This quiz has been taken 101 times
  • The average score is 6 of 7

Answer Stats

Conjunction % Correct
FFor
99%
AAnd
99%
OOr
91%
BBut
78%
YYet
77%
SSo
75%
NNor
71%

Score Distribution

Percentile by Number Answered

Percent of People with Each Score

Your Score History

You have not taken this quiz